00778nam a22002177a 450000500170000001000150001702000270003203500140005903700130007308200110008610000210009724500620011826000490018027000770022930000220030670000300032870000300035894200250038899900190041395201280043220240306113538.0 aENG-139555 c1575.00a9789355010049 aEN-123087 bDBAD/PUB a54726 aArun Bhal962864 aAdvanced Organic Chemistry/cEdited by Arun BahlhEnglish aNew DelhibS Chand And Company Limitedc2022 b New DelhiaA-27, 2nd Floor, Mohan Co-operative Industrial Estatee10044 a1483p.c24cm(dbk) 962682aBahl, AruneAuthor aBahl, B.S.eAuthor962865 2ddccENh547mADVe6 c201250d201250 001040708NFICaBNbBNd2024-03-06eDBADg1575.00l0o547 ADVpEN-123087r2024-03-06 00:00:00t1v1575.00w2024-03-06yEN